Tanul a város „Ami eddig szív és lelkesedés volt, most öntudattá és tudássá válik bennünk"
Elmentve itt :
| Dokumentumtípus: | Cikk |
|---|---|
| Megjelent: |
1948-07-18
|
| Sorozat: | Délmagyarország
|
| Kulcsszavak: | Oktatás Szeged 1948 |
| Online Access: | http://dmarchiv.bibl.u-szeged.hu/52045 |
| LEADER | 00471nab a2200145 i 4500 | ||
|---|---|---|---|
| 001 | delm52045 | ||
| 005 | 20180927141944.0 | ||
| 008 | 180927s1948 hu o 0|| hun d | ||
| 040 | |a SZTE Délmagyarország Archívum |b hun | ||
| 041 | |a hun | ||
| 245 | 0 | 0 | |a Tanul a város |h [elektronikus dokumentum] : |b „Ami eddig szív és lelkesedés volt, most öntudattá és tudássá válik bennünk" |
| 260 | |c 1948-07-18 | ||
| 300 | |a 6 | ||
| 490 | 0 | |a Délmagyarország | |
| 695 | |a Oktatás Szeged 1948 | ||